Statistiken für Größte Fußballvereine Sachsen-Anhalts. (Aktuell)

Klicken Sie hier um das Quiz zu spielen!

Allgemein

  • Dieses Quiz wurde 67 mal gespielt
  • Das Durchschnittsergebnis liegt bei 5 aus 7

Antwortstatistiken

LigaVerein% Korrekt
2.Liga1.FC Magdeburg
100%
5.Liga1.FC Magdeburg II
100%
3.LigaHallischer FC
95%
5.LigaVfL Halle1896
93%
5.LigaVfB Germania Halberstadt
48%
5.LigaFC Einheit Wernigerode
30%
5.LigaSG Union Sandersdorf
10%

Verteilung der Resultate

Perzentil nach korrekt beantworteten Fragen

Anzahl Personen mit jedem Resultat

Ihre Resultats-Entwicklung

Sie haben dieses Quiz noch nicht gespielt